Sniffles, sneezes, hiccups, and coughs / (Record no. 4668)

MARC details
000 -LEADER
fixed length control field 01312cam a22003614a 4500
001 - CONTROL NUMBER
control field 4668
003 - CONTROL NUMBER IDENTIFIER
control field FISKH
005 - DATE AND TIME OF LATEST TRANSACTION
control field 20240919143029.0
008 - FIXED-LENGTH DATA ELEMENTS--GENERAL INFORMATION
fixed length control field 050113s2005 nyua j b 001 0 eng
010 ## - LIBRARY OF CONGRESS CONTROL NUMBER
LC control number 2005001105
020 ## - INTERNATIONAL STANDARD BOOK NUMBER
International Standard Book Number 0756611067 (pb)
020 ## - INTERNATIONAL STANDARD BOOK NUMBER
International Standard Book Number 0756611075 (plc)
040 ## - CATALOGING SOURCE
Original cataloging agency DLC
Transcribing agency DLC
Modifying agency DLC
Language of cataloging eng
050 ## - LIBRARY OF CONGRESS CALL NUMBER
Classification number QP121.D8655
082 ## - DEWEY DECIMAL CLASSIFICATION NUMBER
Classification number 612.2
100 1# - MAIN ENTRY--PERSONAL NAME
Personal name Durant, Penny Raife.
245 10 - TITLE STATEMENT
Title Sniffles, sneezes, hiccups, and coughs /
Statement of responsibility, etc. written by Penny Durant.
260 ## - PUBLICATION, DISTRIBUTION, ETC.
Place of publication, distribution, etc. New York :
Name of publisher, distributor, etc. DK Pub.,
Date of publication, distribution, etc. 2005.
300 ## - PHYSICAL DESCRIPTION
Extent 32 pages :
Other physical details color illustrations ;
Dimensions 23 cm
490 1# - SERIES STATEMENT
Series statement Dk readers. Level 2
504 ## - BIBLIOGRAPHY, ETC. NOTE
Bibliography, etc. note Includes bibliographical references and index.
505 ## - FORMATTED CONTENTS NOTE
Formatted contents note N<br/>
520 ## - SUMMARY, ETC.
Summary, etc. "Sniffles, Sneezes, Hiccups and Coughs is a simple introduction to the respiratory system and common things that go wrong with it. Children will love to find out about how they breathe and why they sometimes do funny hiccups and loud sneezes!"
521 8# - TARGET AUDIENCE NOTE
Target audience note 590<br/>
Source Lexile<br/>
521 8# - TARGET AUDIENCE NOTE
Target audience note N<br/>
Source Raz-Plus<br/>
650 #0 - SUBJECT ADDED ENTRY--TOPICAL TERM
Topical term or geographic name entry element Respiration
Form subdivision Juvenile literature.
650 #0 - SUBJECT ADDED ENTRY--TOPICAL TERM
Topical term or geographic name entry element Sneezing
Form subdivision Juvenile literature.
650 #0 - SUBJECT ADDED ENTRY--TOPICAL TERM
Topical term or geographic name entry element Cough
Form subdivision Juvenile literature.
650 #0 - SUBJECT ADDED ENTRY--TOPICAL TERM
Topical term or geographic name entry element Hiccups
Form subdivision Juvenile literature.
906 ## - LOCAL DATA ELEMENT F, LDF (RLIN)
a 7
b cbc
c orignew
d 1
e ecip
f 20
g y-gencatlg
942 ## - ADDED ENTRY ELEMENTS (KOHA)
Source of classification or shelving scheme Dewey Decimal Classification
Koha item type Books
Suppress in OPAC No
Holdings
Withdrawn status Lost status Source of classification or shelving scheme Damaged status Not for loan Collection Home library Current library Shelving location Date acquired Total Checkouts Full call number Barcode Date last seen Date last checked out Price effective from Koha item type
    Dewey Decimal Classification     Non-Fiction Footprints International School Library Network Toul Kork Campus Footprints International School Library Network Toul Kork Campus TK Primary Library Room(4th Floor), Bookcase 3&4, Shelves 17-32, Yellow Books 09/19/2024 1 DUR 612.2 QP121.D8655 FISTK01409 06/09/2025 12/03/2024 09/19/2024 Books